Normal view
MARC view
- Moser, W. O. J
Entry Personal Name
001 - CONTROL NUMBER
- control field: 38803
003 - CONTROL NUMBER IDENTIFIER
- control field: NUST
005 - DATE AND TIME OF LATEST TRANSACTION
- control field: 20210314131247.0
008 - FIXED-LENGTH DATA ELEMENTS
- fixed length control field: 210314|| aca||aabn | a|a d
040 ## - CATALOGING SOURCE
- Original cataloging agency: NUST
- Transcribing agency: NUST
100 ## - HEADING--PERSONAL NAME
- Personal name: Moser, W. O. J
670 ## - SOURCE DATA FOUND
- Source citation: Work cat.: (NUST): Barbeau, Edward, 38801, Five hundred mathematical challenges, c1995.
